[Event "I Miedzynarodowy Festiwal Szachowy "Puchar Baltyku" - Open A"]
[Site "Darlowko"]
[Date "1899-12-30"]
[Round "1.1"]
[White "Kanarek, Marcel"]
[Black "Antolak, Julia"]
[Result "1-0"]
[WhiteTitle "GM"]
[BlackTitle "WFM"]
[WhiteElo "2530"]
[BlackElo "2144"]

1. d4 Nf6 2. c4 e6 3. Nc3 Bb4 4. e3 O-O 5. Bd3 d5 6. Nf3 dxc4 7. Bxc4 c5 8. O-O
Nc6 9. a3 Bxc3 10. bxc3 b6 11. a4 cxd4 12. cxd4 Bb7 13. Ba3 Re8 14. Rc1 Rc8 15.
Qe2 Na5 16. Bb5 Bc6 17. Ne5 Bxb5 18. axb5 Qd5 19. Bb4 Nd7 20. Nxd7 Qxd7 21. Bxa5
bxa5 22. Ra1 Rc3 23. Rxa5 Rec8 24. g3 h6 25. Kg2 Rc2 26. Qf3 Rb2 27. Ra6 Rxb5
28. Rfa1 Rc7 29. Qa8+ Rc8 30. Qe4 Rc7 31. R1a2 Rcb7 32. Rc2 R5b6 33. Ra5 Rb5 34.
Ra6 R5b6 35. Ra5 Rb5 36. Rxb5 Rxb5 37. Qa8+ Kh7 38. Rc8 Qb7+ 39. Qxb7 Rxb7 40.
Kf3 Kg6 41. e4 Rb3+ 42. Kf4 Rb4 43. Ke3 Rb3+ 44. Kd2 Kf6 45. Rc7 Rb2+ 46. Ke3
Rb3+ 47. Ke2 Rb2+ 48. Kf3 Rb3+ 49. Kg4 Rb4 50. Kh5 Rxd4 51. e5+ Kxe5 52. Rxf7
a5 53. Rxg7 Kf6 54. Ra7 Rd2 55. h4 Rxf2 56. Rxa5 Rg2 57. g4 e5 58. Ra6+ Kg7 59.
Rg6+ Kf7 60. Kxh6 e4 61. g5 e3 62. Rf6+ Ke7 63. Rf3 e2 64. Re3+ Kf7 65. h5 Rh2
66. g6+ Kf6 67. g7 Kf7 68. Rf3+ Ke7 69. Re3+ Kf7 70. Rf3+ Ke7 71. g8=Q e1=Q 72.
Qf8+ Kd7 73. Rd3+ Kc6 74. Qc8+ Kb5 75. Rb3+ Ka4 76. Qc4+ Ka5 1-0

[Event "I Miedzynarodowy Festiwal Szachowy "Puchar Baltyku" - Open A"]
[Site "Darlowko"]
[Date "1899-12-30"]
[Round "1.2"]
[White "Lis, Mateusz"]
[Black "Simantsev, Mikhail"]
[Result "0-1"]
[WhiteTitle "I++"]
[BlackTitle "GM"]
[WhiteElo "2139"]
[BlackElo "2486"]

1. e4 c5 2. Nf3 e6 3. d4 cxd4 4. Nxd4 a6 5. Bd3 Bc5 6. Nb3 Be7 7. Qg4 Bf6 8. Qg3
Nc6 9. O-O Nge7 10. Nc3 Ng6 11. f4 d6 12. Be3 O-O 13. Rad1 Qc7 14. Qf2 b5 15.
Rd2 Rb8 16. Rfd1 Be7 17. g3 Na5 18. Nxa5 Qxa5 19. Ba7 Rb7 20. Bd4 b4 21. Ne2 Rb8
22. Ra1 Qc7 23. a3 a5 24. axb4 axb4 25. Rdd1 Bb7 26. h4 Rfe8 27. Bb6 Qc6 28. Ba7
Ra8 29. Nd4 Qc7 30. Nb5 Qd7 31. Nd4 Qc7 32. Nb5 Qd7 33. Nd4 Rec8 34. Bb6 Rxa1
35. Rxa1 Ra8 36. Rxa8+ Bxa8 37. h5 Nf8 38. Nb3 e5 39. fxe5 dxe5 40. Kg2 Ne6 41.
Bc5 Nxc5 42. Nxc5 Qg4 43. c3 bxc3 44. bxc3 Bxc5 45. Qxc5 Bxe4+ 46. Bxe4 Qxe4+
47. Kg1 h6 48. Kf2 Qf5+ 49. Kg1 Qxh5 50. Qd5 Qe2 51. c4 e4 0-1

[Event "I Miedzynarodowy Festiwal Szachowy "Puchar Baltyku" - Open A"]
[Site "Darlowko"]
[Date "1899-12-30"]
[Round "1.3"]
[White "Shishkin, Vadim"]
[Black "Hrymowicz, Artur"]
[Result "1/2-1/2"]
[WhiteTitle "GM"]
[BlackTitle "I++"]
[WhiteElo "2454"]
[BlackElo "2114"]

1. d4 Nf6 2. c4 b6 3. Nc3 Bb7 4. f3 d5 5. cxd5 Nxd5 6. Nxd5 Qxd5 7. e4 Qd7 8. Bc4
Nc6 9. Ne2 e5 10. d5 Na5 11. Bd3 c6 12. Nc3 cxd5 13. exd5 Bb4 14. Qe2 Qxd5 15.
O-O Bxc3 16. bxc3 O-O 17. c4 Qe6 18. Bb2 Rac8 19. Rac1 Ba6 20. Qe4 f5 21. Qxe5
Qxe5 22. Bxe5 Bxc4 23. Rfd1 Bxd3 24. Rxc8 Rxc8 25. Rxd3 Rc1+ 26. Kf2 Nc4 27. Bf4
Rc2+ 28. Kg3 Rxa2 29. Rd8+ Kf7 30. Rc8 b5 31. Rc5 a6 32. Rxf5+ Ke6 33. Rc5 Na5
34. Re5+ Kf6 35. Rd5 b4 36. Rd6+ Kf5 37. Rd5+ Ke6 38. Rd6+ Kf5 39. Rxa6 b3 40.
Rb6 b2 41. Bd2 Nc4 42. Rb5+ Ke6 43. Bc3 g5 44. Kh3 Kd6 45. Bd4 Kc6 46. Rc5+ Kd6
47. Rb5 Kc6 48. Rb8 Kc7 49. Rb4 Ra4 50. Rb3 Ra3 51. Rb4 Ra4 52. Rb3 Ra3 1/2-1/2

[Event "I Miedzynarodowy Festiwal Szachowy "Puchar Baltyku" - Open A"]
[Site "Darlowko"]
[Date "1899-12-30"]
[Round "1.4"]
[White "Krainski, Slawomir"]
[Black "Llaneza Vega, Marcos"]
[Result "1-0"]
[WhiteTitle "k"]
[BlackTitle "IM"]
[WhiteElo "2113"]
[BlackElo "2424"]

1. d4 Nf6 2. Bf4 d5 3. e3 c5 4. c3 Nc6 5. Nd2 Bg4 6. Qb3 Qb6 7. Ngf3 c4 8. Qc2
g6 9. b3 Bf5 10. Qc1 cxb3 11. axb3 Nh5 12. Bg5 h6 13. Bh4 g5 14. Bg3 Rc8 15. Qb2
Nxg3 16. hxg3 g4 17. Nh4 Bh7 18. Be2 h5 19. O-O e5 20. c4 Be7 21. cxd5 Nxd4 22.
Nc4 Nxe2+ 23. Qxe2 Qxb3 24. Na5 Bd3 25. Qd2 Qxd5 26. e4 Bxe4 27. Qe3 b6 28. Rfd1
Qa8 29. Ra4 Bxh4 30. Rxe4 Bf6 31. Rxe5+ Kf8 32. Rf5 Rd8 33. Rc1 Re8 34. Qf4 Qe4
35. Qd6+ Be7 36. Qg6 Qxf5 37. Qxf5 bxa5 38. Qxa5 Kg7 39. Qxa7 Rh6 40. Qd7 Bg5
41. Qxe8 Bxc1 42. Qe5+ Kg8 43. Qc5 Bb2 44. Qg5+ Bg7 45. f3 Rg6 46. Qd8+ Bf8 47.
f4 Kg7 48. Qd4+ Kg8 49. Qe5 Rh6 50. Qg5+ Kh7 51. Kf2 Bg7 52. Ke3 Re6+ 53. Kd3
Rd6+ 54. Kc4 Rh6 55. Kd5 Kh8 56. Qe7 Rf6 57. Qe5 Rh6 58. Qe8+ Kh7 59. Qxf7 Kh8
60. Ke4 Kh7 61. f5 Kh8 62. Kf4 Bb2 63. Qe8+ Kh7 64. Qd7+ Kh8 65. Kg5 Bc1+ 66.
Kh4 Bb2 67. Qc8+ Kh7 68. Qb7+ Bg7 69. Kg5 Rf6 70. Qe4 1-0

[Event "I Miedzynarodowy Festiwal Szachowy "Puchar Baltyku" - Open A"]
[Site "Darlowko"]
[Date "1899-12-30"]
[Round "1.5"]
[White "Nurkiewicz, Maciej"]
[Black "Kindler, Przemyslaw"]
[Result "1-0"]
[WhiteTitle "m"]
[BlackTitle "k"]
[WhiteElo "2373"]
[BlackElo "2103"]

1. e4 d6 2. d4 Nf6 3. Nc3 g6 4. f4 Bg7 5. Nf3 c5 6. Bb5+ Bd7 7. e5 Ng4 8. Bxd7+
Qxd7 9. d5 dxe5 10. h3 e4 11. hxg4 exf3 12. Qxf3 Na6 13. Bd2 Nb4 14. O-O-O O-O-O
15. Ne4 Qa4 16. Bxb4 Qxb4 17. c3 Qa5 18. d6 e6 19. f5 exf5 20. gxf5 Be5 21. fxg6
fxg6 22. Qf7 Rd7 23. Qe6 Bg7 24. Rd5 b6 25. Rxh7 Qa4 26. Rxh8+ Bxh8 27. Rxc5+
Kb7 28. Qe8 1-0

[Event "I Miedzynarodowy Festiwal Szachowy "Puchar Baltyku" - Open A"]
[Site "Darlowko"]
[Date "1899-12-30"]
[Round "1.6"]
[White "Luba, Lukasz"]
[Black "Sabuk, Piotr"]
[Result "1-0"]
[WhiteTitle "I"]
[BlackTitle "IM"]
[WhiteElo "2101"]
[BlackElo "2368"]

1. d4 Nf6 2. c4 e6 3. Nc3 Bb4 4. a3 Bxc3+ 5. bxc3 c5 6. Nf3 Nc6 7. Qc2 d6 8. h3
e5 9. d5 Ne7 10. e4 Ng6 11. Be2 Nf4 12. Bxf4 exf4 13. Bd3 Nd7 14. O-O-O Ne5 15.
Nxe5 dxe5 16. Kb2 Bd7 17. Ka2 Qa5 18. Rb1 b6 19. Rb2 O-O 20. g4 fxg3 21. fxg3
a6 22. g4 b5 23. Qd2 Rfb8 24. Rhb1 Rb6 25. g5 Rg6 26. h4 h6 27. Rg1 f6 28. Be2
fxg5 29. Bh5 Qb6 30. Bxg6 Qxg6 31. hxg5 h5 32. Qe3 Rc8 33. Rf2 bxc4 34. Rb1 Bb5
35. Rf5 Re8 36. Qxc5 Bd7 37. Rf2 Qxg5 38. Rb7 Rc8 39. Qa7 Ba4 40. Qxa6 Bb3+ 41.
Kb2 Rd8 42. Qe6+ Kh8 43. Qf7 Bd1 44. a4 Bxa4 45. Qf3 Bd7 46. Qf7 Bg4 47. d6 Kh7
48. Qe7 Kh6 49. Kc2 Ra8 50. Qxg5+ Kxg5 51. Rxg7+ Kh4 52. Rh2+ Kg3 53. Rxh5 Kf3
54. Rxg4 Kxg4 55. Rxe5 Kf4 56. Re7 Ra2+ 57. Kb1 Rd2 58. d7 Kg5 59. e5 Kf5 60.
e6 1-0

[Event "I Miedzynarodowy Festiwal Szachowy "Puchar Baltyku" - Open A"]
[Site "Darlowko"]
[Date "1899-12-30"]
[Round "1.7"]
[White "Kosakowski, Jakub"]
[Black "Renkowski, Piotr"]
[Result "1/2-1/2"]
[WhiteTitle "FM"]
[BlackTitle "k"]
[WhiteElo "2366"]
[BlackElo "2096"]

1. e4 e5 2. Nf3 Nc6 3. Bb5 a6 4. Ba4 Bc5 5. O-O d6 6. c3 b5 7. Bb3 Nf6 8. d4 Bb6
9. Bg5 h6 10. dxe5 dxe5 11. Qxd8+ Nxd8 12. Bxf6 gxf6 13. a4 Bb7 14. Nbd2 Ne6 15.
axb5 axb5 16. Rxa8+ Bxa8 17. Ra1 Ke7 18. g3 Rd8 19. h4 Bb7 20. Kf1 b4 21. cxb4
Nd4 22. Nxd4 Rxd4 23. Nc4 Bxe4 24. Nxb6 cxb6 25. Ra7+ Kd6 26. Rxf7 Rxb4 27. Rxf6+
Ke7 28. Rf7+ Ke8 29. Be6 Rxb2 30. f4 Bd3+ 31. Kg1 e4 32. Rd7 Bc4 33. f5 e3 34.
f6 Rb1+ 35. Kg2 Rb2+ 36. Kg1 Rb1+ 37. Kg2 Rb2+ 1/2-1/2

[Event "I Miedzynarodowy Festiwal Szachowy "Puchar Baltyku" - Open A"]
[Site "Darlowko"]
[Date "1899-12-30"]
[Round "1.8"]
[White "Garbowski, Jakub"]
[Black "Lewtak, Damian"]
[Result "0-1"]
[WhiteTitle "k"]
[BlackTitle "m"]
[WhiteElo "2091"]
[BlackElo "2344"]

1. e4 c5 2. Nf3 d6 3. d4 cxd4 4. Nxd4 Nf6 5. Nc3 Bd7 6. Bg5 e6 7. Qd2 a6 8. f4
h6 9. Bxf6 Qxf6 10. O-O-O b5 11. g3 Qd8 12. Kb1 Be7 13. Bg2 Ra7 14. f5 O-O 15.
h4 Nc6 16. Nxc6 Bxc6 17. e5 Bxg2 18. Qxg2 exf5 19. Qf2 Qa8 20. Qxf5 dxe5 21. Nd5
Rd8 22. Qxe5 Bf8 23. Ne3 Rad7 24. Rdf1 Re8 25. Qf4 Qc6 26. Rd1 Bd6 27. Qd4 Red8
28. Nf5 Bf8 29. Qg4 Qg6 30. Rxd7 Qxg4 31. Rxd8 Qxf5 32. Rhd1 g6 0-1

[Event "I Miedzynarodowy Festiwal Szachowy "Puchar Baltyku" - Open A"]
[Site "Darlowko"]
[Date "1899-12-30"]
[Round "1.9"]
[White "Grela, Kacper"]
[Black "Baum, Jonasz"]
[Result "0-1"]
[WhiteTitle "FM"]
[BlackTitle "k+"]
[WhiteElo "2310"]
[BlackElo "2085"]

1. e4 c5 2. Nf3 Nc6 3. d4 cxd4 4. Nxd4 e5 5. Nb5 a6 6. N5c3 Bc5 7. Be2 d6 8. O-O
Be6 9. Nd5 Bxd5 10. exd5 Nd4 11. Bd3 Ne7 12. c3 Nb5 13. a4 Nc7 14. c4 O-O 15.
Be3 f5 16. Bxc5 dxc5 17. f4 e4 18. Be2 Ne8 19. Nc3 Nd6 20. Qd2 a5 21. g4 fxg4
22. Bxg4 Nef5 23. Qe2 Qh4 24. Rae1 Rae8 25. b3 Rf6 26. Bh5 Nd4 27. Bxe8 Nxe2+
28. Rxe2 Nxe8 29. Nxe4 Rxf4 30. Rfe1 Nf6 31. Nd6 Qh3 32. Nxb7 Rg4+ 0-1

[Event "I Miedzynarodowy Festiwal Szachowy "Puchar Baltyku" - Open A"]
[Site "Darlowko"]
[Date "1899-12-30"]
[Round "1.10"]
[White "Kozak, Antoni"]
[Black "Karpus, Michal"]
[Result "1/2-1/2"]
[WhiteTitle "k"]
[BlackTitle "FM"]
[WhiteElo "2074"]
[BlackElo "2291"]

1. e4 e5 2. Nf3 Nc6 3. Nc3 Nf6 4. Bb5 Bb4 5. O-O O-O 6. d3 d6 7. Bg5 Ne7 8. Bxf6
gxf6 9. Ne2 f5 10. exf5 c6 11. Ba4 Nxf5 12. c3 Ba5 13. Bc2 Qe7 14. Ng3 Nxg3 15.
fxg3 f5 16. d4 e4 17. Nh4 Qg5 18. Qc1 Bd8 19. Rf4 d5 20. Qe3 Qg7 21. Qf2 Bg5 22.
Nxf5 Qf6 23. g4 Bxf4 24. Qxf4 Bxf5 25. Rf1 Rf7 26. gxf5 Rg7 27. Bd1 Rf8 28. h3
Kh8 29. Bh5 Re7 30. g4 e3 31. g5 Rg8 32. Bg6 Rxg6 33. Qb8+ Rg8 34. Qxg8+ Kxg8
35. gxf6 Re4 36. Re1 Kf7 37. Kg2 Kxf6 38. Kf3 Kxf5 39. Rxe3 Ke5 40. Kxe4+ 1/2-1/2

[Event "I Miedzynarodowy Festiwal Szachowy "Puchar Baltyku" - Open A"]
[Site "Darlowko"]
[Date "1899-12-30"]
[Round "1.11"]
[White "Kucza, Karol"]
[Black "Fus, Jakub"]
[Result "1/2-1/2"]
[WhiteTitle "FM"]
[BlackTitle "I++"]
[WhiteElo "2278"]
[BlackElo "2071"]

1. e4 e6 2. d4 d5 3. Nc3 Bb4 4. e5 Ne7 5. a3 Bxc3+ 6. bxc3 c5 7. Qg4 O-O 8. Nf3
Nbc6 9. Bd3 f5 10. exf6 Rxf6 11. Qh5 g6 12. Qg5 Qf8 13. h4 c4 14. Be2 Nf5 15.
a4 Nd6 16. Ba3 Ne4 17. Qe3 Qd8 18. Ng5 Nxg5 19. hxg5 Rf7 20. f4 Qc7 21. Rh4 Ne7
22. Qe5 Qxe5 23. fxe5 Nc6 24. Kd2 Bd7 25. Bd6 Re8 26. Rh3 Nd8 27. a5 a6 28. Ke3
Rf5 29. Rah1 Rf7 30. Bg4 Ba4 31. Rc1 Bd7 32. Bf3 Ba4 33. Kd2 Bd7 34. Rb1 Bc6 35.
Bc5 Rf5 36. Rbh1 Rf7 37. Kc1 Ba4 38. Kb2 Nc6 39. Ra1 Bb5 40. Rhh1 Rf4 41. Rhf1
Nd8 42. Ka3 Nf7 43. g3 Rf5 44. Bg4 Rxf1 45. Rxf1 Nxg5 46. Kb4 Ne4 47. Rg1 Bc6
48. Bd6 Kg7 49. Bf3 Ng5 50. Bg2 Rc8 51. Be7 Ne4 52. Bxe4 dxe4 53. Kc5 Bd5+ 54.
Kd6 b6 55. axb6 Rc6+ 56. Kd7 Rxb6 57. Rf1 Rb7+ 58. Kd6 a5 59. Bf8+ Kg8 60. Bh6
Rb8 61. Ra1 Ra8 62. Kc5 a4 63. Kb4 a3 64. Rxa3 Rxa3 65. Kxa3 Kf7 66. Kb2 g5 67.
Bxg5 Kg6 68. Bh4 Kf5 69. Kc1 e3 70. Kd1 Bf3+ 71. Ke1 Ke4 72. Bg5 h5 73. d5 Kxd5
74. Bxe3 Kxe5 75. Kf2 Ke4 76. Bh6 Bd1 77. Bg7 Bxc2 78. Bh8 Bd3 79. Bg7 e5 80.
Bh8 Kf5 81. Ke3 e4 82. Bg7 Kg4 83. Be5 1/2-1/2

[Event "I Miedzynarodowy Festiwal Szachowy "Puchar Baltyku" - Open A"]
[Site "Darlowko"]
[Date "1899-12-30"]
[Round "1.12"]
[White "Baumann, Dariusz"]
[Black "Goluch, Piotr"]
[Result "0-1"]
[WhiteTitle "k"]
[BlackTitle "FM"]
[WhiteElo "2067"]
[BlackElo "2252"]

1. d4 Nf6 2. c4 c5 3. d5 b5 4. cxb5 a6 5. bxa6 g6 6. Nc3 Bxa6 7. Nf3 d6 8. g3 Nbd7
9. Rb1 Bg7 10. Bg2 O-O 11. O-O Nb6 12. b3 Bb7 13. e4 e6 14. Nh4 exd5 15. exd5
Nh5 16. Bb2 Nf4 17. Qd2 Nxg2 18. Nxg2 Nd7 19. Ne3 Ba6 20. Rfd1 Ne5 21. Kg2 Nd3
22. Ba1 f5 23. f4 Qe7 24. Nc4 Nb4 25. Re1 Qc7 26. Re6 Rfd8 27. Rbe1 Bf8 28. a3
Bxc4 29. axb4 Bxb3 30. Qb2 Bc4 31. b5 Qg7 32. Qc1 Qb7 33. Qb2 Rd7 0-1

[Event "I Miedzynarodowy Festiwal Szachowy "Puchar Baltyku" - Open A"]
[Site "Darlowko"]
[Date "1899-12-30"]
[Round "1.13"]
[White "Szpar, Milosz"]
[Black "Rak, Tomasz"]
[Result "1-0"]
[WhiteTitle "k"]
[BlackTitle "k"]
[WhiteElo "2241"]
[BlackElo "2055"]

1. e4 c6 2. d4 d5 3. Nc3 dxe4 4. Nxe4 Nf6 5. Nxf6+ gxf6 6. Nf3 h5 7. Bf4 h4 8.
Qd2 Bf5 9. O-O-O e6 10. Bd3 Bxd3 11. Qxd3 Nd7 12. Rhe1 Nb6 13. c4 Be7 14. Kb1
Qd7 15. Qb3 Rh5 16. g4 hxg3 17. fxg3 O-O-O 18. g4 Rh3 19. Bg3 Rg8 20. a4 c5 21.
a5 Qa4 22. Qxa4 Nxa4 23. d5 e5 24. g5 fxg5 25. d6 Bd8 26. Nxe5 f5 27. d7+ Kc7
28. Nf7+ f4 29. Re8 fxg3 30. Nxd8 1-0

[Event "I Miedzynarodowy Festiwal Szachowy "Puchar Baltyku" - Open A"]
[Site "Darlowko"]
[Date "1899-12-30"]
[Round "2.1"]
[White "Budrewicz, Krzysztof"]
[Black "Kanarek, Marcel"]
[Result "0-1"]
[WhiteTitle "m"]
[BlackTitle "GM"]
[WhiteElo "2190"]
[BlackElo "2530"]

1. d4 Nf6 2. Bg5 c5 3. Bxf6 gxf6 4. d5 Qb6 5. Qc1 f5 6. g3 Bg7 7. c3 Na6 8. Bg2
Nc7 9. Nd2 Qf6 10. Nh3 h5 11. O-O d6 12. a4 h4 13. Re1 hxg3 14. hxg3 Nxd5 15.
Bxd5 Rxh3 16. Bg2 Rh8 17. a5 Rb8 18. e4 f4 19. Nf3 fxg3 20. fxg3 Qg6 21. Kf2 Bh6
22. Rh1 Bxc1 23. Rxh8+ Kd7 24. Rxc1 Kc7 25. Rch1 Be6 26. R8h6 Qxe4 27. Nd4 Qd3
28. Rxe6 fxe6 29. Nxe6+ Kd7 30. Bh3 Qd2+ 31. Kf3 0-1

[Event "I Miedzynarodowy Festiwal Szachowy "Puchar Baltyku" - Open A"]
[Site "Darlowko"]
[Date "1899-12-30"]
[Round "2.2"]
[White "Simantsev, Mikhail"]
[Black "Krainski, Aleksander"]
[Result "1-0"]
[WhiteTitle "GM"]
[BlackTitle "FM"]
[WhiteElo "2486"]
[BlackElo "2172"]

1. d4 d5 2. c4 c6 3. e3 Nf6 4. Nc3 a6 5. Nf3 b5 6. b3 Bg4 7. Be2 Nbd7 8. O-O e6
9. h3 Bh5 10. Bb2 Bd6 11. Ne5 Bxe2 12. Nxe2 dxc4 13. bxc4 Qc7 14. Nxd7 Qxd7 15.
Qc2 bxc4 16. Qxc4 O-O 17. Nc1 Ne4 18. Qc2 f5 19. Nd3 Rfc8 20. Rfd1 Qe7 21. Rac1
a5 22. Nc5 Nf6 23. Ba1 Rab8 24. Qa4 Ra8 25. Nd3 Qb7 26. Rb1 Qd7 27. Nc5 Bxc5 28.
dxc5 Nd5 29. Be5 Ra7 30. Rb3 Qe7 31. e4 Nf6 32. Bb8 Rd7 33. Bd6 Qf7 34. e5 Nd5
35. Rdb1 f4 36. Qxc6 Rdd8 37. Rb8 1-0

[Event "I Miedzynarodowy Festiwal Szachowy "Puchar Baltyku" - Open A"]
[Site "Darlowko"]
[Date "1899-12-30"]
[Round "2.3"]
[White "Szymczak, Zbigniew"]
[Black "Nurkiewicz, Maciej"]
[Result "1/2-1/2"]
[WhiteTitle "IM"]
[BlackTitle "m"]
[WhiteElo "2154"]
[BlackElo "2373"]

1. d4 Nf6 2. c4 c5 3. d5 b5 4. Nf3 g6 5. Qc2 bxc4 6. e4 Bg7 7. Bxc4 d6 8. O-O O-O
9. Nc3 Ba6 10. Bxa6 Nxa6 11. Bg5 Rb8 12. Rab1 Nd7 13. Qd2 Re8 14. h4 Nc7 15. h5
Nb5 16. Ne2 Qb6 17. Bh6 Bh8 18. Nh4 Nd4 19. Nxd4 Bxd4 20. Qg5 Qa6 21. Kh1 Qe2
22. f3 Bf6 23. Qg3 Bxh4 24. Qxh4 Rxb2 25. Rxb2 Qxb2 26. Bg5 Nf6 27. Re1 Rb8 28.
e5 Nxd5 29. Bxe7 Nxe7 30. Qxe7 dxe5 31. Qxc5 Qxa2 32. Qxe5 Qb2 33. Qxb2 Rxb2 34.
hxg6 hxg6 35. Re7 Ra2 36. Kh2 Kg7 37. Kg3 Kf6 38. Rc7 Ke6 39. Rb7 f6 40. Rg7 g5
41. Rc7 Kf5 42. Rg7 a5 43. Ra7 a4 44. Ra5+ Kg6 45. Kh2 a3 46. Kg3 Ra1 47. Kh2
Kf7 48. Ra6 Kg6 49. Kg3 Kf5 1/2-1/2

[Event "I Miedzynarodowy Festiwal Szachowy "Puchar Baltyku" - Open A"]
[Site "Darlowko"]
[Date "1899-12-30"]
[Round "2.4"]
[White "Lewtak, Damian"]
[Black "Krainski, Slawomir"]
[Result "1-0"]
[WhiteTitle "m"]
[BlackTitle "k"]
[WhiteElo "2344"]
[BlackElo "2113"]

1. c4 Nf6 2. Nc3 g6 3. g3 Bg7 4. Bg2 O-O 5. Nf3 d6 6. O-O e5 7. d3 c6 8. Rb1 Re8
9. Bg5 h6 10. Bxf6 Qxf6 11. b4 a6 12. a4 Be6 13. Nd2 Qd8 14. Qb3 Nd7 15. b5 axb5
16. axb5 Nc5 17. Qb4 Qd7 18. Nb3 Nxb3 19. Qxb3 Bh3 20. e4 Be6 21. Ra1 h5 22. Ra4
Rxa4 23. Qxa4 h4 24. bxc6 bxc6 25. Rb1 h3 26. Bf1 Bh6 27. Rb6 Rc8 28. Qa6 Bd2
29. Nb1 Bg5 30. Nc3 Qe8 31. Qa4 Bd7 32. Qb4 Qe6 33. Rb8 Rxb8 34. Qxb8+ Kg7 35.
Qb2 Qe8 36. Qb7 Bd2 37. Qb2 Bg5 38. Qb7 Bc8 39. Qb8 Qe6 40. Be2 Bd2 41. Na4 Bd7
42. Nb6 Be8 43. Qc8 Qe7 44. Qb8 Ba5 45. Nc8 Qc7 46. Qxc7 Bxc7 47. Bg4 Kf8 48.
Bxh3 f5 49. exf5 Bd7 50. Na7 gxf5 51. Bg2 e4 52. dxe4 Bb6 53. Nxc6 Bxc6 54. exf5
Bxg2 55. Kxg2 Ke7 56. g4 Kf6 57. f4 Be3 58. Kf3 Bc1 59. Ke4 Bd2 60. h4 Be1 61.
g5+ Kf7 62. h5 Bd2 63. h6 Bc3 64. f6 Kg6 65. f5+ Kxg5 66. f7 d5+ 67. Kxd5 Bb4
68. c5 1-0

[Event "I Miedzynarodowy Festiwal Szachowy "Puchar Baltyku" - Open A"]
[Site "Darlowko"]
[Date "1899-12-30"]
[Round "2.5"]
[White "Goluch, Piotr"]
[Black "Luba, Lukasz"]
[Result "1-0"]
[WhiteTitle "FM"]
[BlackTitle "I"]
[WhiteElo "2252"]
[BlackElo "2101"]

1. Nf3 d5 2. g3 Bg4 3. Bg2 h5 4. h3 Bxf3 5. Bxf3 e5 6. c4 c6 7. cxd5 cxd5 8. Nc3
e4 9. Bg2 Nf6 10. O-O h4 11. g4 Qd7 12. d3 Nxg4 13. Nxd5 Qxd5 14. Qa4+ b5 15.
Qxe4+ Qxe4 16. Bxe4 Ne5 17. Bxa8 Nbd7 18. d4 Nc4 19. b3 Ncb6 20. Bc6 Rh5 21. e4
Bb4 22. Be3 Bc3 23. Rad1 Ke7 24. e5 f5 25. f4 Rh6 26. d5 Rg6+ 27. Kh1 Rg3 28.
d6+ Ke6 29. Bxb6 Rxh3+ 30. Kg2 Rg3+ 31. Kf2 Nxb6 32. d7 Nxd7 33. Bxd7+ Ke7 34.
Bxf5 1-0

[Event "I Miedzynarodowy Festiwal Szachowy "Puchar Baltyku" - Open A"]
[Site "Darlowko"]
[Date "1899-12-30"]
[Round "2.6"]
[White "Baum, Jonasz"]
[Black "Szpar, Milosz"]
[Result "0-1"]
[WhiteTitle "k+"]
[BlackTitle "k"]
[WhiteElo "2085"]
[BlackElo "2241"]

1. e4 c5 2. Nf3 Nc6 3. Nc3 g6 4. d4 cxd4 5. Nxd4 Bg7 6. Nb3 Nf6 7. Be2 O-O 8. O-O
d6 9. Be3 Bd7 10. f3 Rc8 11. Qe1 b6 12. Ba6 Nb4 13. Bd3 Nxd3 14. cxd3 Qc7 15.
Rc1 Qb8 16. d4 e5 17. Qd2 Rfe8 18. Bg5 Bc6 19. Rc2 Qb7 20. d5 Bd7 21. Rfc1 Rc7
22. Qf2 Rec8 23. Nd2 Qa6 24. Nb3 Qb7 25. Qe2 Ne8 26. Be3 Rc4 27. Nd2 R4c7 28.
b3 f5 29. Nc4 Qa6 30. a4 fxe4 31. fxe4 Nf6 32. Bg5 b5 33. Na3 Qa5 34. Bd2 Ng4
35. h3 b4 36. hxg4 bxc3 37. Be3 Qb4 38. Nc4 Bxa4 39. Nxd6 Bxb3 40. Nxc8 Bxc2 41.
Qxc2 Rxc8 42. Bxa7 Bh6 43. Rb1 Qc4 44. Bf2 Bd2 45. Kh2 Rf8 46. Bg3 Qd4 47. Ra1
Rb8 48. Ra4 Qe3 49. d6 Qh6+ 50. Kg1 Be3+ 51. Bf2 Bxf2+ 52. Kxf2 Rb2 53. Ra8+ Kf7
54. d7 Rxc2+ 55. Kg3 Qf4+ 56. Kh3 Qh6+ 57. Kg3 Qe3+ 58. Kh4 Qe1+ 59. Kh3 Qh1+
0-1

[Event "I Miedzynarodowy Festiwal Szachowy "Puchar Baltyku" - Open A"]
[Site "Darlowko"]
[Date "1899-12-30"]
[Round "2.7"]
[White "Kowalski, Igor"]
[Black "Kaczmarska, Joanna"]
[Result "1-0"]
[WhiteTitle "k+"]
[BlackTitle "k"]
[WhiteElo "2232"]
[BlackElo "1952"]

1. c4 Nf6 2. Nc3 g6 3. e4 e5 4. g3 d6 5. Bg2 Bg7 6. Nge2 Be6 7. d3 Qd7 8. O-O Na6
9. Rb1 c6 10. b4 b5 11. f4 bxc4 12. f5 gxf5 13. exf5 Bd5 14. Nxd5 cxd5 15. dxc4
Rb8 16. b5 e4 17. Nc3 Qc7 18. bxa6 Rxb1 19. Qa4+ Nd7 20. Nxb1 Qb6+ 21. Kh1 Qxb1
22. f6 Bxf6 23. Bh3 1-0

[Event "I Miedzynarodowy Festiwal Szachowy "Puchar Baltyku" - Open A"]
[Site "Darlowko"]
[Date "1899-12-30"]
[Round "2.8"]
[White "Malicka, Maria"]
[Black "Zaleski, Lukasz"]
[Result "0-1"]
[WhiteTitle "m"]
[BlackTitle "k"]
[WhiteElo "2047"]
[BlackElo "2220"]

1. e4 e5 2. Nf3 Nc6 3. Bc4 Nf6 4. d3 Be7 5. O-O O-O 6. c3 d6 7. Bb3 Bg4 8. Nbd2
Nd7 9. h3 Bh5 10. Re1 Nc5 11. Bc2 Ne6 12. Nf1 Bg5 13. Ng3 Bxc1 14. Rxc1 Bxf3 15.
Qxf3 Nf4 16. d4 Qf6 17. Nf5 g6 18. Nh6+ Kg7 19. Ng4 Qg5 20. Rcd1 h5 21. Ne3 exd4
22. cxd4 Ne6 23. Nd5 Ncxd4 24. Qc3 c5 25. Rd3 Nf4 26. Rg3 Qe5 27. Nxf4 Qxf4 28.
Bd1 Rae8 29. Bxh5 Rxe4 30. Rxe4 Qxe4 31. Bf3 Qb1+ 32. Kh2 Qxa2 33. b4 b6 34. bxc5
dxc5 35. Qe3 Qe6 36. Qg5 Qf6 37. Qd5 Qf4 38. Kg1 Re8 39. Qb7 Nf5 0-1

[Event "I Miedzynarodowy Festiwal Szachowy "Puchar Baltyku" - Open A"]
[Site "Darlowko"]
[Date "1899-12-30"]
[Round "2.9"]
[White "Oglaza, Oskar"]
[Black "Dwilewicz, Katarzyna"]
[Result "1-0"]
[WhiteTitle "k"]
[BlackTitle "k"]
[WhiteElo "2197"]
[BlackElo "1939"]

1. e4 e5 2. d4 exd4 3. Qxd4 Nc6 4. Qe3 Nf6 5. Nc3 Bb4 6. Bd2 d6 7. O-O-O Qe7 8.
f3 Be6 9. Bb5 O-O 10. Nge2 Ne5 11. f4 Nc4 12. Bxc4 Bxc4 13. Ng3 Be6 14. f5 Bd7
15. Qf3 Bc6 16. Rhe1 Rfe8 17. Qf4 Qe5 18. Qh4 Qa5 19. a3 Bxa3 20. Nd5 Bxb2+ 21.
Kxb2 Qb5+ 22. Kc1 Nxd5 23. exd5 Bxd5 24. f6 Ba2 25. Bc3 Qc5 26. Bd4 Qa5 27. Ne4
Qa3+ 28. Bb2 Qb4 29. Qg5 1-0

[Event "I Miedzynarodowy Festiwal Szachowy "Puchar Baltyku" - Open A"]
[Site "Darlowko"]
[Date "1899-12-30"]
[Round "2.10"]
[White "Renkowski, Piotr"]
[Black "Shishkin, Vadim"]
[Result "0-1"]
[WhiteTitle "k"]
[BlackTitle "GM"]
[WhiteElo "2096"]
[BlackElo "2454"]

1. e4 c5 2. Nf3 Nc6 3. c3 d5 4. exd5 Qxd5 5. d4 Nf6 6. Be2 cxd4 7. cxd4 Bf5 8.
Nc3 Qa5 9. O-O e6 10. Be3 Be7 11. a3 O-O 12. Qb3 Rfc8 13. Rfd1 Qc7 14. Rac1 Ng4
15. Bd3 Nxe3 16. fxe3 Bxd3 17. Rxd3 Na5 18. Qc2 Qb6 19. Qf2 Nc4 20. Ne5 Nxe5 21.
dxe5 f5 22. Rcd1 Rd8 23. Rd7 Rxd7 24. Rxd7 Bg5 25. Nd1 Rd8 26. Rxd8+ Qxd8 27.
Qc2 h6 28. Qb3 Qd5 29. Qxd5 exd5 30. Kf2 Kf7 31. Nc3 Ke6 32. Nb5 Kxe5 33. Nxa7
Ke4 34. Nb5 Bxe3+ 35. Ke2 Bc5 36. b4 Be7 0-1

[Event "I Miedzynarodowy Festiwal Szachowy "Puchar Baltyku" - Open A"]
[Site "Darlowko"]
[Date "1899-12-30"]
[Round "2.11"]
[White "Hrymowicz, Artur"]
[Black "Kosakowski, Jakub"]
[Result "0-1"]
[WhiteTitle "I++"]
[BlackTitle "FM"]
[WhiteElo "2114"]
[BlackElo "2366"]

1. e4 c5 2. Nf3 d6 3. d4 cxd4 4. Nxd4 Nf6 5. Nc3 a6 6. Be3 e5 7. Nf3 Be7 8. Bc4
O-O 9. O-O Be6 10. Bb3 Qc7 11. Qe2 Rc8 12. Ng5 Bc4 13. Bxc4 Qxc4 14. Qxc4 Rxc4
15. f3 Nbd7 16. Rfd1 Rac8 17. Nh3 b5 18. a3 R8c6 19. Nf2 Bd8 20. Nd3 Ba5 21. Bd2
Kf8 22. Kf1 Rc8 23. Be1 Ke7 24. Nc1 Bb6 25. Nb3 h6 26. Bf2 Bxf2 27. Kxf2 Nb6 28.
Na5 R4c7 29. Rd2 Na4 30. Nxa4 Rxc2 31. Ke3 bxa4 32. Rad1 Rxd2 33. Rxd2 Ke6 34.
Kd3 d5 35. exd5+ Nxd5 36. Nc4 Rd8 37. Kc2 f6 38. b3 axb3+ 39. Kxb3 h5 40. Ka4
Rc8 41. Nb2 Rc5 42. Nd3 Rb5 43. Nb4 Nb6+ 44. Rc2 0-1

[Event "I Miedzynarodowy Festiwal Szachowy "Puchar Baltyku" - Open A"]
[Site "Darlowko"]
[Date "1899-12-30"]
[Round "2.12"]
[White "Karpus, Michal"]
[Black "Sciborowski, Miroslaw"]
[Result "1-0"]
[WhiteTitle "FM"]
[BlackTitle "k"]
[WhiteElo "2291"]
[BlackElo "2018"]

1. e4 d5 2. exd5 Qxd5 3. Nc3 Qd8 4. d4 c6 5. Ne4 g6 6. Nf3 Bg7 7. Bc4 Nh6 8. Bf4
O-O 9. Qd2 Nf5 10. O-O-O b5 11. Be2 Be6 12. Nc5 Bd5 13. Ne5 Bxg2 14. Rhg1 Bd5
15. h4 Nxh4 16. Bh6 f6 17. Bxg7 Kxg7 18. Ng4 Kh8 19. Rg3 Nd7 20. Rh3 g5 21. Nd3
e6 22. f4 Ng6 23. fxg5 fxg5 24. Rg1 Nf4 25. Nxf4 Rxf4 26. Bd3 Nf8 27. Qh2 Qe7
28. Ne5 Qg7 29. Rh5 Nd7 30. Rxh7+ 1-0